| 000 | 00444cam a22001337a 4500 | ||
|---|---|---|---|
| 008 | 180718b1982 xxu||||| |||| 00| 0 eng d | ||
| 082 | _aAPPPA 81-82 MAHA | ||
| 100 | _aMahajan, T.R. | ||
| 245 |
_aVillage adoption scheme and its impact: a case study of Baragaon Simla _cby T.R. Mahajan |
||
| 260 |
_aNew Delhi _bIndian Institute of Public Administration _c1982 |
||
| 300 | _a202p. | ||
| 650 | _aBaragaon Simla | ||
| 650 | _aVillage adoption scheme | ||
| 999 |
_c501311 _d501311 |
||